Tableaux sur verre pour l'enseignement par les projections d'après les ouvrages de la Librairie Ch. Delagrave : (Record no. 159925)

MARC details
000 -LEADER
campo de control de longitud fija 00752nam a22001935i 4500
001 - NÚMERO DE CONTROL
campo de control 159925
003 - IDENTIFICADOR DE NÚMERO DE CONTROL
campo de control ES-MaACL
005 - FECHA Y HORA DE LA ÚLTIMA TRANSACCIÓN
campo de control 20260304173616.0
008 - DATOS DE LONGITUD FIJA--INFORMACIÓN GENERAL
campo de control de longitud fija 040914q1890 fr |||| | fre d
080 ## - NÚMERO DE LA CLASIFICACIÓN DECIMAL UNIVERSAL
Número de la Clasificación Decimal Universal 771.3
245 00 - MENCIÓN DEL TÍTULO
Título Tableaux sur verre pour l'enseignement par les projections d'après les ouvrages de la Librairie Ch. Delagrave :
Resto del título catalogue nº 70.
260 ## - PUBLICACIÓN, DISTRIBUCIÓN, ETC.
Lugar de publicación, distribución, etc. Paris :
Nombre del editor, distribuidor, etc. A. Molteni,
Fecha de publicación, distribución, etc. [ca. 1890] (
Lugar de fabricación/manufactura Tours :
Fabricante Imp. Deslis frères)
300 ## - DESCRIPCIÓN FÍSICA
Extensión 16 p. ;
Dimensiones 23 cm.
650 #4 - PUNTO DE ACCESO ADICIONAL DE MATERIA--TÉRMINO DE MATERIA
Término de materia o nombre geográfico como elemento de entrada Fotografía-
Subdivisión general Material y equipo
9 (RLIN) 12958
650 #4 - PUNTO DE ACCESO ADICIONAL DE MATERIA--TÉRMINO DE MATERIA
Término de materia o nombre geográfico como elemento de entrada Fotografía-
Subdivisión de forma Catálogos.
9 (RLIN) 174743
700 1# - ENTRADA AGREGADA--NOMBRE PERSONAL
Nombre de persona Molteni, Alfred,
Fechas asociadas al nombre 1837-1907
9 (RLIN) 174737
852 4# - LOCALIZACIÓN
Ubicación ES-MaACL
Número de control de estantería T-1103-F-11
Nota libre - Enc. hol.
-- - Enc. en un vol. facticio
Holdings
Estatus retirado Estado de pérdida Fuente del sistema de clasificación o colocación Estado de daño No para préstamo Colección Biblioteca de origen Biblioteca actual Ubicación en estantería Fecha de adquisición Total de préstamos Signatura topográfica completa Código de barras Visto por última vez Precio de reemplazo Tipo de ítem Koha
    Clasificación decimal universal     Colección de folletos Biblioteca del Ateneo de Madrid Biblioteca del Ateneo de Madrid Depósito folletos 17/01/2008   T-1103-F-11 1167422 23/02/2023 23/02/2023 Folleto